Central Library OPAC University of Rajshahi

Better forestry, less poverty : (Record no. 58580)

MARC details
000 -LEADER
fixed length control field 01629nam a2200373 a 4500
001 - CONTROL NUMBER
control field 58580
003 - CONTROL NUMBER IDENTIFIER
rucl marc code BD-RjUL
005 - DATE AND TIME OF LATEST TRANSACTION
control field 20211209080634.0
008 - FIXED-LENGTH DATA ELEMENTS--GENERAL INFORMATION
fixed length control field 161219s2006 it sb i00 0 eng d
020 ## - INTERNATIONAL STANDARD BOOK NUMBER
International Standard Book Number 9251055505 (pbk.)
International Standard Book Number 9789251055502 (pbk.)
035 ## - SYSTEM CONTROL NUMBER
System control number BD-RjUL58704
System control number (OCoLC)ocn434049532
System control number (NNC)7304397
040 ## - CATALOGING SOURCE
Original cataloging agency NNC
Transcribing agency NNC
Language of cataloging eng
041 ## - LANGUAGE CODE
Language code of text/sound track or separate title eng
082 ## - DEWEY DECIMAL CLASSIFICATION NUMBER
Edition number 23
Classification number 333.75091724
Author mark and year BET 2006
245 00 - TITLE STATEMENT
Title Better forestry, less poverty :
Remainder of title a practitioner's guide /
260 ## - PUBLICATION, DISTRIBUTION, ETC. (IMPRINT)
Place of publication, distribution, etc. Rome :
Name of publisher, distributor, etc. Food and Agriculture Organization of the United Nations,
Date of publication, distribution, etc. 2006.
300 ## - PHYSICAL DESCRIPTION
Pagination 70 p. :
Illustrations ill. ;
Size 25 cm
490 1# - SERIES STATEMENT
Series statement FAO forestry paper,
Volume/sequential designation 149
500 ## - GENERAL NOTE
General note Viewed on Aug. 10, 2009.
505 2# - FORMATTED CONTENTS NOTE
Formatted contents note Introduction -- Poverty, livelihoods and poverty reduction -- Preparing the way : incorporating poverty issues into forestry -- Facilitating local income generation -- Forestry interventions to reduce poverty -- Linking national policies and programmes to local needs -- Monitoring and assessing progress in reducing poverty through forestry interventions.
650 #0 - SUBJECT ADDED ENTRY--TOPICAL TERM
Topical term or geographic name as entry element Forests and forestry
General subdivision Social aspects.
9 (RLIN) 174063
Topical term or geographic name as entry element Forests and forestry
General subdivision Economic aspects.
9 (RLIN) 174064
Topical term or geographic name as entry element Sustainable forestry.
9 (RLIN) 174065
Topical term or geographic name as entry element Forest policy.
9 (RLIN) 174066
Topical term or geographic name as entry element Poverty.
9 (RLIN) 174067
710 2# - ADDED ENTRY--CORPORATE NAME
Corporate name or jurisdiction name as entry element Food and Agriculture Organization of the United Nations.
9 (RLIN) 174068
830 #0 - SERIES ADDED ENTRY--UNIFORM TITLE
Uniform title FAO forestry paper ;
Volume number/sequential designation 149.
856 40 - ELECTRONIC LOCATION AND ACCESS
Uniform Resource Identifier <a href="http://www.columbia.edu/cgi-bin/cul/resolve?clio7304397">http://www.columbia.edu/cgi-bin/cul/resolve?clio7304397</a>
Public note Zip file for download
942 ## - ADDED ENTRY ELEMENTS (KOHA)
Source of classification or shelving scheme Dewey Decimal Classification
Koha item type Books
Holdings
Lost status Source of classification or shelving scheme Damaged status Not for loan Collection code Permanent Location Current Location Shelving location Date acquired Source of acquisition Cost, normal purchase price Total Checkouts Full call number Date last seen Copy number Koha item type
  Dewey Decimal Classification   Not For Loan Non-fiction Central Library, University of Rajshahi Central Library, University of Rajshahi Reading Room 19/02/2013 RUCL 0.00   333.75091724 BET 2006 19/12/2016 C-1 Books